Women society and culture (Record no. 394591)

MARC details
000 -LEADER
fixed length control field 00548 a2200217 4500
005 - DATE & TIME
control field 20260210111959.0
008 - FIXED-LENGTH DATA ELEMENTS--GENERAL INFORMATION
fixed length control field 260209b |||||||| |||| 00| 0 eng d
020 ## - ISBN
International Standard Book Number 9788119497218
Price Rs. 1995.00
040 ## - CATALOGING SOURCE
Original cataloging agency VIVEKANANDA LIBRARY
082 ## - DDC NUMBER
Classification number 305.409
Book Number J334W
100 ## - MAIN ENTRY--PERSONAL NAME
Personal name Jairam, Bairwa
245 ## - TITLE STATEMENT
Title Women society and culture
260 ## - PUBLICATION, DISTRIBUTION, ETC. (IMPRINT)
Name of publisher, distributor, etc Paradise Publishers
Date of publication, distribution, etc 2024
Place of publication, distribution, etc Jaipur
300 ## - PHYSICAL DESCRIPTION
Pages iii, 234
500 ## - GENERAL NOTE
General note N.E.T
650 ## - Subject
Subject Social Science
650 ## - Subject
Subject Social Groups
650 ## - Subject
Subject Women
650 ## - Subject
Subject Social-Cultural Aspects
942 ## - ADDED ENTRY ELEMENTS (KOHA)
Koha item type Books
Holdings
Withdrawn status Lost status Source of classification or shelving scheme Damaged status Not for loan Location (home branch) Sublocation or collection (holding branch) Shelving location Date acquired Koha issues (times borrowed) Koha full call number Accession No. Koha date last seen Koha item type
    Dewey Decimal Classification     VIVEKANANDA LIBRARY VIVEKANANDA LIBRARY Vivekananda Library 27/01/2026   305.409 J334W 444330 27/01/2026 Books
© Designed and Maintained by Vivekananda Library, MDU Rohtak